[Event "POL-chT 2nd League"]
[Site "Sypniewo"]
[Date "2021.09.11"]
[Round "8.13"]
[White "Golenia, Wojciech"]
[Black "Janicki, Rafal"]
[Result "1-0"]
[WhiteElo "2049"]
[BlackElo "1819"]
[PlyCount "69"]
[EventDate "2021.09.04"]
[EventType "team-swiss"]
[EventRounds "9"]
[EventCountry "POL"]
[SourceTitle "CBM 204 Extra"]
[Source "ChessBase"]
[SourceDate "2021.11.30"]
[SourceVersion "1"]
[SourceVersionDate "2021.11.30"]
[SourceQuality "1"]
[WhiteTeam "Wieliczka MKS MOS"]
[BlackTeam "Srem LKS Piast"]
[WhiteTeamCountry "POL"]
[BlackTeamCountry "POL"]

1. c4 e5 2. Nc3 Nf6 3. g3 d5 4. cxd5 Nxd5 5. Bg2 Nb6 6. e3 Be7 7. Nge2 0-0 8. 0-0 Nc6 9. f4 exf4 10. Nxf4 Ne5 11. Qc2 c6 12. b3 a5 13. d4 Ng6 14. Bd2 Re8 15. Rae1 Bb4 16. Nd3 Bf8 17. Rf2 Nd5 18. Ne4 Bg4 19. Nec5 Qc8 20. e4 Nc7 21. Ref1 f6 22. e5 fxe5 23. dxe5 Nd5 24. Qc4 Rd8 25. Nxb7 Qxb7 26. Qxg4 Be7 27. Be4 Nf8 28. Bh6 g6 29. Bxf8 Bxf8 30. Qe6+ Kh8 31. Rf7 Qb6+ 32. Kh1 Bg7 33. Rxg7 Kxg7 34. Rf7+ Kh8 35. Rxh7+ 1-0

[Event "POL-chT 2nd League"]
[Site "Sypniewo"]
[Date "2021.09.09"]
[Round "6.12"]
[White "Janicki, Rafal"]
[Black "Maciaga, Marcin"]
[Result "0-1"]
[WhiteElo "1819"]
[BlackElo "2116"]
[PlyCount "76"]
[EventDate "2021.09.04"]
[EventType "team-swiss"]
[EventRounds "9"]
[EventCountry "POL"]
[SourceTitle "CBM 204 Extra"]
[Source "ChessBase"]
[SourceDate "2021.11.30"]
[SourceVersion "1"]
[SourceVersionDate "2021.11.30"]
[SourceQuality "1"]
[WhiteTeam "Srem LKS Piast"]
[BlackTeam "Zielonka Zieloni"]
[WhiteTeamCountry "POL"]
[BlackTeamCountry "POL"]

1. e4 c5 2. Nf3 Nc6 3. d4 cxd4 4. Nxd4 g6 5. c4 Bg7 6. Be3 Nf6 7. Nc3 0-0 8. Be2 d6 9. 0-0 Bd7 10. h3 Nxd4 11. Bxd4 Bc6 12. Qc2 Nd7 13. Bxg7 Kxg7 14. f4 f6 15. Kh2 a5 16. b3 Kh8 17. a3 Rg8 18. b4 b6 19. Nd5 g5 20. g3 gxf4 21. gxf4 Qf8 22. Bg4 axb4 23. axb4 Rxa1 24. Rxa1 Qh6 25. Kg3 Qg7 26. Rh1 e6 27. Nc7 Nf8 28. Nb5 f5 29. Nxd6 fxg4 30. h4 Nd7 31. Rd1 Nf6 32. b5 Nh5+ 33. Kh2 g3+ 34. Kg1 Ba8 35. f5 exf5 36. Nxf5 Qe5 37. Nh6 Qc5+ 38. Kg2 Bxe4+ 0-1

[Event "Polanica Zdroj op-D 56th"]
[Site "Polanica Zdroj"]
[Date "2020.08.23"]
[Round "9"]
[White "Janicki, Rafal"]
[Black "Pietrzak, Emilia"]
[Result "1-0"]
[WhiteElo "1851"]
[BlackElo "1289"]
[PlyCount "85"]
[EventDate "2020.08.15"]
[EventType "swiss"]
[EventRounds "9"]
[EventCountry "POL"]
[SourceTitle "CBM 198 Extra"]
[Source "ChessBase"]
[SourceDate "2020.11.30"]
[SourceVersion "1"]
[SourceVersionDate "2020.11.30"]
[SourceQuality "1"]

1. e4 c5 2. Nf3 Nc6 3. d3 Nf6 4. g3 d5 5. Nbd2 Bg4 6. Bg2 g6 7. h3 Bd7 8. e5 Nh5 9. 0-0 Ng7 10. Re1 Ne6 11. Nf1 Bg7 12. c3 0-0 13. Qe2 d4 14. c4 a6 15. a4 Nb4 16. b3 b5 17. N3h2 Rb8 18. axb5 axb5 19. f4 Bc6 20. g4 Ra8 21. Rxa8 Qxa8 22. Bxc6 Qxc6 23. f5 Nc7 24. Bd2 Nca6 25. Ng3 Ra8 26. g5 Nc2 27. Rf1 Nab4 28. f6 exf6 29. gxf6 Bf8 30. Nf3 bxc4 31. bxc4 Ra2 32. Ng5 Ne3 33. Rf3 Bh6 34. N3e4 Qc7 35. e6 Ra1+ 36. Be1 fxe6 37. f7+ Kh8 38. f8Q+ Bxf8 39. Rxf8+ Kg7 40. Nxe6+ Kh6 41. Nxc7 Ra2 42. Bd2 Ra1+ 43. Kh2 1-0

[Event "Poznan op 26th"]
[Site "Poznan"]
[Date "2018.08.25"]
[Round "8"]
[White "Janicki, Rafal"]
[Black "Raczynski, Krzysztof"]
[Result "0-1"]
[WhiteElo "1800"]
[BlackElo "2111"]
[PlyCount "90"]
[EventDate "2018.08.19"]
[EventType "swiss"]
[EventRounds "9"]
[EventCountry "POR"]
[SourceTitle "CBM 186 Extra"]
[Source "ChessBase"]
[SourceDate "2018.08.24"]
[SourceVersion "1"]
[SourceVersionDate "2018.08.24"]
[SourceQuality "1"]

1. e4 g6 2. d4 Bg7 3. Nc3 d6 4. Nf3 a6 5. a4 Nf6 6. Bc4 0-0 7. 0-0 Nxe4 8. Nxe4 d5 9. Bd3 dxe4 10. Bxe4 Nd7 11. c3 c5 12. Be3 cxd4 13. Bxd4 e5 14. Be3 Qc7 15. Qe2 Nf6 16. Bc2 Be6 17. Rfd1 e4 18. Nd4 Bg4 19. f3 exf3 20. Nxf3 Rfe8 21. Qf2 Bxf3 22. gxf3 Nh5 23. Re1 Be5 24. Rad1 Nf4 25. Bxf4 Bxf4 26. Re4 Rad8 27. Rdd4 Be5 28. Rc4 Qd7 29. Qe2 Bf6 30. Bb3 Rxe4 31. Rxe4 Kg7 32. Kg2 Qf5 33. Qc4 Rd7 34. h3 Qg5+ 35. Kf2 Be5 36. f4 Qh4+ 37. Ke2 Qh5+ 38. Kf2 Bf6 39. Re3 Bh4+ 40. Kg1 Qf5 41. Kg2 Rd2+ 42. Re2 b5 43. axb5 axb5 44. Rxd2 bxc4 45. Bxc4 Qe4+ 0-1

[Event "Poznan op 26th"]
[Site "Poznan"]
[Date "2018.08.21"]
[Round "4"]
[White "Janicki, Rafal"]
[Black "Vesely, Vitek"]
[Result "1/2-1/2"]
[WhiteElo "1800"]
[BlackElo "2081"]
[PlyCount "38"]
[EventDate "2018.08.19"]
[EventType "swiss"]
[EventRounds "9"]
[EventCountry "POR"]
[SourceTitle "CBM 186 Extra"]
[Source "ChessBase"]
[SourceDate "2018.08.24"]
[SourceVersion "1"]
[SourceVersionDate "2018.08.24"]
[SourceQuality "1"]

1. e4 c5 2. Nf3 e6 3. c3 Nf6 4. e5 Nd5 5. d4 cxd4 6. cxd4 b6 7. Nc3 Nxc3 8. bxc3 Qc7 9. Bd2 Bb7 10. Bd3 d6 11. 0-0 Nd7 12. Bf4 Be7 13. Rc1 0-0 14. Ng5 Bxg5 15. Qh5 h6 16. Bxg5 dxe5 17. Bxh6 gxh6 18. Qxh6 e4 19. Qg5+ Kh7 1/2-1/2

[Event "Poznan op 25th"]
[Site "Poznan"]
[Date "2017.08.25"]
[Round "7"]
[White "Zielinski, Olgierd"]
[Black "Janicki, Rafal"]
[Result "1/2-1/2"]
[WhiteElo "1869"]
[BlackElo "1692"]
[PlyCount "73"]
[EventDate "2017.08.20"]
[EventType "swiss"]
[EventRounds "9"]
[EventCountry "POL"]
[SourceTitle "CBM 180 Extra"]
[Source "ChessBase"]
[SourceDate "2017.10.06"]
[SourceVersion "1"]
[SourceVersionDate "2017.10.06"]
[SourceQuality "1"]

1. e4 c5 2. Nc3 Nc6 3. Bb5 g6 4. Nf3 Bg7 5. 0-0 Nd4 6. Bc4 e6 7. Re1 Ne7 8. Nb5 Nxb5 9. Bxb5 0-0 10. c3 d5 11. e5 a6 12. Bf1 Nc6 13. d4 cxd4 14. cxd4 f6 15. exf6 Bxf6 16. b3 Bd7 17. Bb2 Qb6 18. Qd2 Be7 19. Ne5 Nxe5 20. Rxe5 Rf5 21. Rxf5 exf5 22. g3 Bc6 23. Bc3 Bf6 24. Re1 Re8 25. Rxe8+ Bxe8 26. Bg2 Qe6 27. Bf3 Bc6 28. Qf4 Kg7 29. h4 h6 30. Bb4 Be7 31. Qc7 Kf6 32. Bd2 g5 33. hxg5+ hxg5 34. Qb8 Kg7 35. Bh5 Bf6 36. Qc7+ Qe7 37. Qxe7+ 1/2-1/2

[Event "Poznan op 25th"]
[Site "Poznan"]
[Date "2017.08.23"]
[Round "5"]
[White "Stachowiak, Slawomir"]
[Black "Janicki, Rafal"]
[Result "1-0"]
[WhiteElo "1915"]
[BlackElo "1692"]
[PlyCount "119"]
[EventDate "2017.08.20"]
[EventType "swiss"]
[EventRounds "9"]
[EventCountry "POL"]
[SourceTitle "CBM 180 Extra"]
[Source "ChessBase"]
[SourceDate "2017.10.06"]
[SourceVersion "1"]
[SourceVersionDate "2017.10.06"]
[SourceQuality "1"]

1. e4 e6 2. d4 d5 3. Nc3 dxe4 4. Nxe4 Nd7 5. Nf3 Ngf6 6. Bd3 Be7 7. 0-0 0-0 8. Ne5 c5 9. Nxd7 Nxd7 10. dxc5 f5 11. Ng3 Nxc5 12. Bc4 Kh8 13. Bf4 Qb6 14. Be5 Nd7 15. Bd4 Qc6 16. Qe2 e5 17. Bb5 Qd5 18. Bxd7 Qxd4 19. Bxc8 Raxc8 20. c3 Qc5 21. Rad1 Qc7 22. Rd5 Bd6 23. Rfd1 Rcd8 24. h3 g6 25. Rxd6 Rxd6 26. Qxe5+ Rff6 27. Re1 Qd7 28. Kh2 Qe6 29. f4 Qxe5 30. fxe5 Rde6 31. Nf1 g5 32. Nd2 g4 33. Nb3 Rf8 34. Nd4 Re7 35. e6 h5 36. Re5 h4 37. Nxf5 g3+ 38. Kg1 Rd8 39. Nd4 Kg7 40. Rg5+ Kf6 41. Rf5+ Kg6 42. Rf4 Kg5 43. Rg4+ Kh5 44. Rf4 Kg5 45. Rf3 Kg6 46. Kf1 Rd5 47. Ke2 Re5+ 48. Kd2 Kg5 49. Rf8 Kg6 50. Rg8+ Kh5 51. Rh8+ Kg6 52. Rxh4 Rd5 53. Ke3 Rg5 54. Rf4 Rh7 55. Kf3 Re7 56. h4 Ra5 57. a3 Ra6 58. Kxg3 Rb6 59. Rf2 Rg7 60. Kh3 1-0

[Event "Srem-ch LKS Piast"]
[Site "Srem"]
[Date "2017.02.17"]
[Round "3.4"]
[White "Tomczak, Michal"]
[Black "Janicki, Rafal"]
[Result "1-0"]
[WhiteElo "2048"]
[BlackElo "1679"]
[PlyCount "121"]
[EventDate "2017.02.17"]
[EventType "tourn"]
[EventRounds "9"]
[EventCountry "POL"]
[SourceTitle "EXT 2023"]
[Source "ChessBase"]
[SourceDate "2022.10.05"]
[SourceVersion "1"]
[SourceVersionDate "2022.10.05"]
[SourceQuality "1"]

1. e4 e6 2. c4 d5 3. cxd5 exd5 4. Qb3 Qe7 5. Nc3 dxe4 6. Bc4 c6 7. Nge2 Nd7 8. Nxe4 Ne5 9. 0-0 Nxc4 10. Qxc4 Be6 11. Qc2 Nf6 12. N2g3 Nd5 13. d4 Qd7 14. a3 Be7 15. f4 f5 16. Nc5 Bxc5 17. Qxc5 g6 18. Re1 Kf7 19. Bd2 Nb6 20. Bb4 Rhe8 21. Rac1 Rad8 22. Bc3 Bd5 23. Re5 Qd6 24. Rxe8 Kxe8 25. Re1+ Kf7 26. Qa5 Nc8 27. Bb4 Qd7 28. Qc5 b6 29. Qc2 Re8 30. Re5 Nd6 31. Bxd6 Qxd6 32. Qe2 Re6 33. Qe3 Bc4 34. Kf2 Kf6 35. h4 Kf7 36. Nh1 h5 37. Kg3 Ke7 38. Nf2 Kd7 39. Nh3 Rxe5 40. fxe5 Qd5 41. Nf4 Qg8 42. Nh3 Qd5 43. Ng5 Bf1 44. Qf2 Qb3+ 45. Kf4 Qd1 46. Nf3 Ke6 47. Kg5 Kf7 48. Kh6 Qc1+ 49. Ng5+ Ke7 50. Kxg6 Bd3 51. Kxh5 Qc4 52. g4 Qc2 53. Qxc2 Bxc2 54. gxf5 Bxf5 55. Nf3 Ke6 56. Kg5 Bb1 57. h5 c5 58. dxc5 bxc5 59. h6 Bh7 60. Kf4 Kd5 61. Ng5 1-0

[Event "Poznan op 24th"]
[Site "Poznan"]
[Date "2016.08.10"]
[Round "3"]
[White "Kaluzny, Stanislaw"]
[Black "Janicki, Rafal"]
[Result "1/2-1/2"]
[WhiteElo "1332"]
[BlackElo "1778"]
[PlyCount "108"]
[EventDate "2016.08.08"]
[EventType "swiss"]
[EventRounds "9"]
[EventCountry "POL"]
[SourceTitle "CBM 173 Extra"]
[Source "ChessBase"]
[SourceDate "2016.08.29"]
[SourceVersion "1"]
[SourceVersionDate "2016.08.29"]
[SourceQuality "1"]

1. e4 c5 2. Nf3 e6 3. c4 Nc6 4. Nc3 d6 5. d4 cxd4 6. Nxd4 Nf6 7. Be2 Be7 8. Be3 0-0 9. 0-0 a6 10. f3 Qc7 11. b3 Nd7 12. Qd2 Nc5 13. Rfd1 b6 14. Kh1 Bd7 15. Bf1 Rfd8 16. Rab1 Be8 17. Be2 h6 18. Kg1 Rdc8 19. Rbc1 Nxd4 20. Bxd4 a5 21. Qb2 Bg5 22. Rb1 e5 23. Nd5 Qb7 24. Be3 Bxe3+ 25. Nxe3 Rd8 26. Nf5 Qc7 27. Rd2 Kh7 28. Rbd1 Nb7 29. Ne3 Qc5 30. Qc3 Bd7 31. Rd5 Qc7 32. R5d2 Be6 33. Bd3 Qc5 34. Bb1 b5 35. Kh1 Rac8 36. Rc1 b4 37. Qd3 Kg8 38. Nd5 Bxd5 39. exd5 g6 40. Rf1 Qc7 41. Re2 Re8 42. Qe3 Kg7 43. f4 exf4 44. Qd4+ Kg8 45. Rxe8+ Rxe8 46. Qxf4 Kg7 47. Qf6+ Kg8 48. Bxg6 Rf8 49. Bh5 Nc5 50. Qxh6 Qe7 51. Qf4 Kg7 52. Qg4+ Kh6 53. Qh3 Kg7 54. Qg4+ Kh6 1/2-1/2

[Event "Poznan op 24th"]
[Site "Poznan"]
[Date "2016.08.09"]
[Round "2"]
[White "Janicki, Rafal"]
[Black "Walkusz, Witoslaw"]
[Result "0-1"]
[WhiteElo "1778"]
[BlackElo "2132"]
[PlyCount "108"]
[EventDate "2016.08.08"]
[EventType "swiss"]
[EventRounds "9"]
[EventCountry "POL"]
[SourceTitle "CBM 173 Extra"]
[Source "ChessBase"]
[SourceDate "2016.08.29"]
[SourceVersion "1"]
[SourceVersionDate "2016.08.29"]
[SourceQuality "1"]

1. e4 e5 2. Nf3 Nc6 3. d4 exd4 4. Bc4 Nf6 5. 0-0 Bc5 6. e5 d5 7. Bb5 Ne4 8. Nxd4 Bd7 9. Bxc6 bxc6 10. f3 Ng5 11. f4 Ne4 12. c3 0-0 13. Nd2 Nxd2 14. Bxd2 f6 15. Kh1 fxe5 16. fxe5 Qh4 17. Nf3 Qh5 18. Ng5 Bg4 19. Qa4 Be7 20. h3 Bxg5 21. Bxg5 Bxh3 22. Qh4 Qxh4 23. Bxh4 Bf5 24. Rad1 Rae8 25. Bg3 Re6 26. Rd2 Be4 27. Rxf8+ Kxf8 28. Bf2 a6 29. Bd4 Rg6 30. b4 Ke7 31. Kh2 Ke6 32. Rf2 Bf5 33. Re2 Rg4 34. Rf2 h5 35. a4 Re4 36. Rb2 g5 37. Rf2 h4 38. Rb2 g4 39. g3 h3 40. Rf2 Re1 41. Rf4 Be4 42. Rf6+ Kd7 43. Bg1 Bf3 44. e6+ Ke7 45. Rxf3 gxf3 46. Bc5+ Kxe6 47. Kxh3 Kf5 48. Kh2 Kg4 49. Bd4 Re2+ 50. Kg1 Kxg3 51. Kf1 Kf4 52. Ba7 Ke4 53. Bc5 Rd2 54. Bf2 Rd1+ 0-1